| 000 | 00727nam a2200193 i 4500 | ||
|---|---|---|---|
| 001 | 78189 | ||
| 003 | ES-MaACL | ||
| 005 | 20260217063011.0 | ||
| 007 | t| | ||
| 008 | 041013s1919 xxu ||||1| eng d | ||
| 100 | 0 |
_aHarth, Albert Bushnell _961974 |
|
| 245 | 1 | 0 |
_aAmerican History fold by contemporanies / _cAlbert Bushnell Harth. |
| 260 |
_aNew York : _bMacmillan and CÂș, _c1919. |
||
| 300 |
_a4 v. ; _c19 cm. |
||
| 505 | 8 | _aContiene: V. I: Era of Colonization, 1492-1689. -- V. II: Building of the Republic, 1689-1783. -- V. III: National expasion, 1783-1845. -- V. IV: Welding of the nation, 1845-1900. | |
| 651 | 4 |
_aEstados Unidos- _xHistoria _98540 |
|
| 852 |
_aES-MaACL _jD-4152-55 |
||
| 999 |
_c78189 _d78189 |
||